000
00314nam a22001337a 4500
008
180124b xxu||||| |||| 00| 0 eng d
020
_a
0721659519
041
_a
eng
080
_2
5 ED
_a
616.15
100
_a
9
101
_a
HEM
245
_a
HEMATOLOGY OF INFANCY AND CHILDHOOD
_c
DAVID.G.N
942
_2
udc
_c
BK
999
_c
40835
_d
40835